000 01661nam a22004217a 4500
003 CHAP
005 20220329143303.0
008 081202d2007 mx r 00110 spa d
010 _a94433
011 _a95405
035 _a106029
040 _cCHAP
090 _aTesis
100 1 _aPineda Calete, Emma
_988144
245 1 0 _aPrograma para la unidad de aprendizaje "operación de agencias de viajes y transportación" en la licenciatura en turismo del Centro Universitario UAEM, Texcoco
_c/por Emma Pineda Calete
260 _aChapingo, Méx. :
_bEl autor,
_c2007
300 _a135 h. :
_bilus. ; gráfs. ; cuadros
502 _aTesis (Mtra. en Procesos Ecucativos) -- UACH. Centro de Educacion Continua
530 _aTambién disponible en línea
590 _aALEPH
_b10
_c20130110
_lUCH01
_h1522
590 _aBATCH-UPD
_b10
_c20130110
_lUCH01
_h0519
590 _aBATCH-UPD
_b10
_c20130410
_lUCH01
_h0158
590 _aBATCH-UPD
_b10
_c20130913
_lUCH01
_h1950
590 _aBATCH-UPD
_b10
_c20140324
_lUCH01
_h1506
590 _aBATCH-UPD
_b10
_c20141002
_lUCH01
_h0836
590 _aCONVERSION
_b10
_c20130109
_lUCH01
_h1352
650 1 4 _aAdministración de empresas.
_9922
650 1 4 _aAprendizaje.
_96370
650 1 4 _aEstudiantes.
_938489
650 1 4 _aTurismo
_zMéxico (Edo.).
_9115620
650 1 4 _aUniversidad Autónoma del Estado de México
_9116363
856 _3Finding aid
_uhttp://10.13.5.2/tesis/106029.pdf
_zTeclea aqui
901 _aBK
905 _aLuisgm
942 _cFOLL
949 _aTesis
_bBC
_cTES
_d33724002046215
_eTS2
_fc.2
_gDonaciØn
_h47583
_i106029
_si
949 _aTesis
_bBC
_cTES
_d33724002046223
_eTS1
_gDonaciØn
_h47582
_i106029
_sb
999 _c94433
_d94433